000 00816nam a2200265Ia 4500
003 OSt
005 20220928113325.0
006 a|||||r|||| 00| 0
007 ta
008 220927b |||||||| |||| 00| 0 eng d
024 _a32620
037 _cTextual
040 _aSDCL
_cSDCL
_beng
041 _2eng
_aeng
082 _aX9:75.2'N9, N8
100 _aWadhwa Raj K Ed.
_9432453
245 0 _aBusiness environment
_b Public policy perspectives and corporate management
260 _aDelhi
_bKanishka Publishers
_c1998
300 _avi,256p
_ccm.
490 _aM-BAsic series
700 _a Davar Jimmy Ed.
_9432454
700 _a Rao P Bhaskara Ed.
_9432455
942 _hX9:75.2'N9, N8
_cTEXL
_2CC
999 _c749001
_d749001